Furnishing the city/ (Record no. 21365)

MARC details
000 -CABECERA
campo de control de longitud fija 00589nam a2200229 4500
003 - IDENTIFICADOR DEL NÚMERO DE CONTROL
campo de control OSt
005 - FECHA Y HORA DE LA ÚLTIMA TRANSACCIÓN
campo de control 20260601193839.0
008 - DATOS DE LONGITUD FIJA--INFORMACIÓN GENERAL
campo de control de longitud fija 260506b1970 enga|||| |||| 00| 0 eng d
040 ## - FUENTE DE LA CATALOGACIÓN
Centro catalogador/agencia de origen ICI
Lengua de catalogación eng
Centro/agencia transcriptor ICI
041 ## - CÓDIGO DE LENGUA
Código de lengua del texto/banda sonora o título independiente eng
050 ## - SIGNATURA TOPOGRÁFICA DE LA BIBLIOTECA DEL CONGRESO
Número de clasificación NA9052
Número de documento/Ítem M34
100 #1 - ENTRADA PRINCIPAL--NOMBRE DE PERSONA
Nombre de persona Malt, Harold Lewis,
Numeración autor
245 #1 - MENCIÓN DE TÍTULO
Título Furnishing the city/
264 ## - PRODUCCIÓN, PUBLICACIÓN, DISTRIBUCIÓN, FABRICACIÓN Y COPYRIGHT
Producción, publicación, distribución, fabricación y copyright New York
Nombre del de productor, editor, distribuidor, fabricante McGraw-Hill,
Fecha de producción, publicación, distribución, fabricación o copyright 1970
300 ## - DESCRIPCIÓN FÍSICA
Extensión 254 páginas
336 ## - TIPO DE CONTENIDO
Término de tipo de contenido texto
Fuente rdacontent
337 ## - TIPO DE MEDIO
Nombre/término del tipo de medio sin medio
Fuente rdamedia
338 ## - TIPO DE SOPORTE
Nombre/término del tipo de soporte volumen
Fuente rdacarrier
650 ## - PUNTO DE ACCESO ADICIONAL DE MATERIA--TÉRMINO DE MATERIA
Término de materia o nombre geográfico como elemento de entrada Urbanismo
Subdivisión cronológica 1945-
650 ## - PUNTO DE ACCESO ADICIONAL DE MATERIA--TÉRMINO DE MATERIA
Término de materia o nombre geográfico como elemento de entrada Embellecimiento urbano
942 ## - ELEMENTOS DE PUNTO DE ACCESO ADICIONAL (KOHA)
Fuente del sistema de clasificación o colocación Library of Congress Classification
Tipo de ítem Koha Libros
Suprimir en OPAC 1

No items available.